Phong cách nghệ thuật của tô hoài qua hồi kí Cát bụi chân ai và chiều chiều.

Chân dung Tô Hoài qua hồi ký Cát bụi chân ai và chiều chiều. Nét đặc sắc nghệ thuật trong hồi ký Cát bụi chân ai và chiều chiều.

Đã lưu trong:
Sonraí Bibleagrafaíochta
Príomhúdar: Phan, Thị Lan Anh
Údair Eile: Nguyễn, Phong Nam PGS.TS (Hướng dẫn)
Formáid: Leabhar
Teanga:Vietnamese
Foilsithe: Đại học Đà Nẵng Trường đại học Sư Phạm 2011
Sraith:Khóa luận tốt nghiệp Đại học. Chuyên ngành: Cử Nhân Văn học
Ábhair:
Clibeanna: Cuir Clib Leis
Gan Chlibeanna, Bí ar an gcéad duine leis an taifead seo a chlibeáil!
Thư viện lưu trữ: Mạng thư viện Đại học Đà Nẵng
LEADER 01499nam a2200349 4500
001 000011293
003 7531
005 20120203090208.0
008 120203s2011 viesd
041 |a vie 
072 |a Khóa luận tốt nghiệp 
082 |a 895.922803  |b PH-A 
100 |a Phan, Thị Lan Anh 
245 |a Phong cách nghệ thuật của tô hoài qua hồi kí Cát bụi chân ai và chiều chiều.  |c Phan, Thị Lan Anh 
260 |a Đại học Đà Nẵng  |b Trường đại học Sư Phạm  |c 2011 
300 |a 70 tr.  |c 29 cm 
490 |a Khóa luận tốt nghiệp Đại học. Chuyên ngành: Cử Nhân Văn học 
500 |a Tham khảo tr. 69 -70 
520 |a Chân dung Tô Hoài qua hồi ký Cát bụi chân ai và chiều chiều. Nét đặc sắc nghệ thuật trong hồi ký Cát bụi chân ai và chiều chiều. 
653 |a Khóa luận tốt nghiệp đại học 
653 |a Khoa Ngữ Văn 
700 |a Nguyễn, Phong Nam  |c PGS.TS  |e Hướng dẫn 
OWN |a LSP 
AVA |a UDN50  |b LSP  |d 895.922803 PH-A  |e available  |t Error 5001 Not defined in file expand_doc_bib_avail.  |f 1  |g 0  |h N  |i 0  |k 1 
999 |a From the UDN01 
AVA |a UDN50  |b LSP  |d 895.922803 PH-A  |e available  |t Error 5001 Not defined in file expand_doc_bib_avail.  |f 1  |g 0  |h N  |i 0  |k 1 
TYP |a Monograph 
TYP |a Printed language 
980 |a Mạng thư viện Đại học Đà Nẵng